L'empereur Akbar : (Record no. 27930)
[ view plain ]
| 000 -LEADER | |
|---|---|
| fixed length control field | 01065cam a22002891 4500 |
| 001 - CONTROL NUMBER | |
| control field | 27930 |
| 003 - CONTROL NUMBER IDENTIFIER | |
| rucl marc code | BD-RjUL |
| 005 - DATE AND TIME OF LATEST TRANSACTION | |
| control field | 20211209051222.0 |
| 008 - FIXED-LENGTH DATA ELEMENTS--GENERAL INFORMATION | |
| fixed length control field | 140329s1887 fr cf 000 0 fre d |
| 035 ## - SYSTEM CONTROL NUMBER | |
| System control number | (BD-RjUL) 28011 |
| System control number | (OCoLC)11928515 |
| 040 ## - CATALOGING SOURCE | |
| Original cataloging agency | DLC |
| Transcribing agency | ScU |
| Modifying agency | OCoLC |
| -- | DLC |
| -- | BD-RjUL |
| Language of cataloging | eng |
| 041 1# - LANGUAGE CODE | |
| Language code of text/sound track or separate title | fre |
| Language code of original | ger |
| 082 04 - DEWEY DECIMAL CLASSIFICATION NUMBER | |
| Classification number | RA 954.0233 |
| Author mark and year | NOL V-2 1887 |
| 100 1# - MAIN ENTRY--PERSONAL NAME | |
| Personal name | Noer, F. A. |
| Fuller form of name | (Friedrich August), |
| Dates associated with a name | 1830-1881. |
| 9 (RLIN) | 85670 |
| 245 12 - TITLE STATEMENT | |
| Title | L'empereur Akbar : |
| Remainder of title | Un chapitre de l'histoire de l'Inde au XVIeme siècle / |
| Statement of responsibility, etc. | par le comte F. A. de Noer, tr. de l'allemand par G. Bonet Maury ... Avec une introduction par Alfred Maury. |
| Number of part/section of a work | Vol II |
| 260 ## - PUBLICATION, DISTRIBUTION, ETC. (IMPRINT) | |
| Place of publication, distribution, etc. | Leide ; |
| Name of publisher, distributor, etc. | E. J. Brill, |
| Place of publication, distribution, etc. | Paris; |
| Date of publication, distribution, etc. | 1887. |
| 300 ## - PHYSICAL DESCRIPTION | |
| Pagination | 431 p. : |
| Illustrations | ill. ; |
| Size | 24 cm. |
| 600 00 - SUBJECT ADDED ENTRY--PERSONAL NAME | |
| Personal name | Akbar, |
| Titles and other words associated with a name | Emperor of Hindustan, |
| Dates associated with a name | 1542-1605. |
| 651 #0 - SUBJECT ADDED ENTRY--GEOGRAPHIC NAME | |
| Geographic name | Mogul Empire. |
| 9 (RLIN) | 85672 |
| Geographic name | India |
| General subdivision | History |
| Chronological subdivision | 1526-1765. |
| 9 (RLIN) | 85673 |
| 700 1# - ADDED ENTRY--PERSONAL NAME | |
| Personal name | Bonet-Maury, Gaston, |
| Dates associated with a name | 1842-1919, |
| Relator term | tr. |
| 942 ## - ADDED ENTRY ELEMENTS (KOHA) | |
| Source of classification or shelving scheme | Dewey Decimal Classification |
| Koha item type | Books |
| Lost status | Source of classification or shelving scheme | Damaged status | Not for loan | Collection code | Permanent Location | Current Location | Shelving location | Date acquired | Source of acquisition | Cost, normal purchase price | Total Checkouts | Full call number | Date last seen | Copy number | Koha item type |
|---|---|---|---|---|---|---|---|---|---|---|---|---|---|---|---|
| Dewey Decimal Classification | Added to bundle | Non-fiction | Central Library, University of Rajshahi | Central Library, University of Rajshahi | 02/04/1963 | Zeitlinger | 5.00 | RA 954.0233 NOL V-2 1887 | 29/03/2014 | C-1 | Books |